<?xml version="1.0" encoding="UTF-8"?>
<record
    xmlns:xsi="http://www.w3.org/2001/XMLSchema-instance"
    xsi:schemaLocation="http://www.loc.gov/MARC21/slim http://www.loc.gov/standards/marcxml/schema/MARC21slim.xsd"
    xmlns="http://www.loc.gov/MARC21/slim">

  <leader>01719ncm0a2200409   4500</leader>
  <controlfield tag="001">RU\NLR\ONIZ\212678</controlfield>
  <controlfield tag="005">20250624195750.0</controlfield>
  <datafield tag="010" ind1=" " ind2=" ">
    <subfield code="z">5-295-03901-1</subfield>
  </datafield>
  <datafield tag="010" ind1=" " ind2=" ">
    <subfield code="a">5-295-03900-5</subfield>
  </datafield>
  <datafield tag="021" ind1=" " ind2=" ">
    <subfield code="a">RU</subfield>
    <subfield code="b">07-2</subfield>
    <subfield code="9">07-1</subfield>
  </datafield>
  <datafield tag="035" ind1=" " ind2=" ">
    <subfield code="a">RU\NLR\ONIZ\GALA\5000025461\20150921174542</subfield>
  </datafield>
  <datafield tag="035" ind1=" " ind2=" ">
    <subfield code="a">(NLR Aleph) 010892190</subfield>
  </datafield>
  <datafield tag="090" ind1=" " ind2=" ">
    <subfield code="a">10560326</subfield>
    <subfield code="c">10560326</subfield>
  </datafield>
  <datafield tag="100" ind1=" " ind2=" ">
    <subfield code="a">20150921d2006    |||y0rusy50      ca</subfield>
  </datafield>
  <datafield tag="101" ind1="0" ind2=" ">
    <subfield code="a">rus</subfield>
  </datafield>
  <datafield tag="102" ind1=" " ind2=" ">
    <subfield code="a">RU</subfield>
  </datafield>
  <datafield tag="125" ind1=" " ind2=" ">
    <subfield code="a">ax</subfield>
  </datafield>
  <datafield tag="200" ind1="1" ind2=" ">
    <subfield code="a">&#x424;&#x43E;&#x440;&#x442;&#x435;&#x43F;&#x438;&#x430;&#x43D;&#x43D;&#x44B;&#x435; &#x441;&#x43E;&#x447;&#x438;&#x43D;&#x435;&#x43D;&#x438;&#x44F;</subfield>
    <subfield code="b">&#x41D;&#x43E;&#x442;&#x44B;</subfield>
    <subfield code="h">&#x422;. 1</subfield>
    <subfield code="f">&#x41B;. &#x418;&#x441;&#x43C;&#x430;&#x433;&#x438;&#x43B;&#x43E;&#x432;&#x430;</subfield>
    <subfield code="g">&#x43F;&#x440;&#x435;&#x434;&#x438;&#x441;&#x43B;. &#x41D;. &#x424;. &#x413;&#x430;&#x440;&#x438;&#x43F;&#x43E;&#x432;&#x43E;&#x439;</subfield>
  </datafield>
  <datafield tag="210" ind1=" " ind2=" ">
    <subfield code="a">&#x423;&#x444;&#x430;</subfield>
    <subfield code="c">&#x41A;&#x438;&#x442;&#x430;&#x43F;</subfield>
    <subfield code="d">2006</subfield>
  </datafield>
  <datafield tag="215" ind1=" " ind2=" ">
    <subfield code="a">160 &#x441;.</subfield>
    <subfield code="c">&#x43F;&#x43E;&#x440;&#x442;&#x440;.</subfield>
    <subfield code="d">30 &#x441;&#x43C;</subfield>
  </datafield>
  <datafield tag="300" ind1=" " ind2=" ">
    <subfield code="a">&#x41F;&#x430;&#x440;&#x430;&#x43B;. &#x440;&#x443;&#x441;., &#x430;&#x43D;&#x433;&#x43B;.</subfield>
  </datafield>
  <datafield tag="327" ind1="1" ind2=" ">
    <subfield code="a">1. &#x412;&#x430;&#x440;&#x438;&#x430;&#x446;&#x438;&#x438;; 2. &#x41F;&#x430;&#x441;&#x441;&#x430;&#x43A;&#x430;&#x43B;&#x44C;&#x44F; &#x438; &#x424;&#x443;&#x433;&#x430;; 3. &#x414;&#x432;&#x435; &#x43A;&#x43E;&#x43D;&#x446;&#x435;&#x440;&#x442;&#x43D;&#x44B;&#x435; &#x43F;&#x44C;&#x435;&#x441;&#x44B;: (&#x41D;&#x435;&#x434;&#x43E;&#x43F;&#x435;&#x442;&#x430;&#x44F; &#x43F;&#x435;&#x441;&#x43D;&#x44F;, &#x41F;&#x440;&#x430;&#x437;&#x434;&#x43D;&#x438;&#x447;&#x43D;&#x430;&#x44F;); 4. &#x421;&#x43E;&#x43D;&#x430;&#x442;&#x430;; 5. &#x41A;&#x43E;&#x43D;&#x446;&#x435;&#x440;&#x442;: &#x434;&#x43B;&#x44F; &#x444;&#x43F;. &#x441; &#x43E;&#x440;&#x43A;. / &#x43F;&#x435;&#x440;&#x435;&#x43B;&#x43E;&#x436;. &#x434;&#x43B;&#x44F; 2 &#x444;&#x43F;</subfield>
  </datafield>
  <datafield tag="606" ind1="1" ind2=" ">
    <subfield code="a">&#x41F;&#x440;&#x43E;&#x438;&#x437;&#x432;&#x435;&#x434;&#x435;&#x43D;&#x438;&#x44F; &#x434;&#x43B;&#x44F; &#x444;&#x43E;&#x440;&#x442;&#x435;&#x43F;&#x438;&#x430;&#x43D;&#x43E;</subfield>
    <subfield code="y">&#x411;&#x430;&#x448;&#x43A;&#x43E;&#x440;&#x442;&#x43E;&#x441;&#x442;&#x430;&#x43D;</subfield>
    <subfield code="z">20-21 &#x432;&#x432;.</subfield>
    <subfield code="j">&#x41D;&#x43E;&#x442;&#x44B;</subfield>
    <subfield code="2">nlr_sh</subfield>
  </datafield>
  <datafield tag="686" ind1=" " ind2=" ">
    <subfield code="a">&#x429;954.2&#x44F;44(2&#x420;=&#x411;&#x430;&#x448;)</subfield>
    <subfield code="v">LBC/SL</subfield>
    <subfield code="2">rubbk</subfield>
  </datafield>
  <datafield tag="700" ind1=" " ind2="1">
    <subfield code="9">z04790</subfield>
    <subfield code="a">&#x418;&#x441;&#x43C;&#x430;&#x433;&#x438;&#x43B;&#x43E;&#x432;&#x430;</subfield>
    <subfield code="b">&#x41B;. &#x417;.</subfield>
    <subfield code="f">1946-</subfield>
    <subfield code="g">&#x41B;&#x435;&#x439;&#x43B;&#x430; &#x417;&#x430;&#x433;&#x438;&#x440;&#x43E;&#x432;&#x43D;&#x430;</subfield>
    <subfield code="4">230</subfield>
  </datafield>
  <datafield tag="702" ind1=" " ind2="1">
    <subfield code="9">z02790</subfield>
    <subfield code="a">&#x413;&#x430;&#x440;&#x438;&#x43F;&#x43E;&#x432;&#x430;</subfield>
    <subfield code="b">&#x41D;. &#x424;.</subfield>
    <subfield code="4">080</subfield>
  </datafield>
  <datafield tag="790" ind1=" " ind2="1">
    <subfield code="9">z02702</subfield>
    <subfield code="a">Garipova</subfield>
    <subfield code="b">N.</subfield>
    <subfield code="4">080</subfield>
  </datafield>
  <datafield tag="790" ind1=" " ind2="1">
    <subfield code="9">z04700</subfield>
    <subfield code="a">Ismagilova</subfield>
    <subfield code="b">L.</subfield>
    <subfield code="f">1946-</subfield>
    <subfield code="g">Lejla</subfield>
    <subfield code="4">230</subfield>
  </datafield>
  <datafield tag="801" ind1=" " ind2="0">
    <subfield code="a">RU</subfield>
    <subfield code="b">NLR</subfield>
    <subfield code="c">20150921</subfield>
    <subfield code="g">PSBO</subfield>
  </datafield>
  <datafield tag="801" ind1=" " ind2="1">
    <subfield code="a">RU</subfield>
    <subfield code="b">NLR</subfield>
    <subfield code="c">20150921</subfield>
    <subfield code="2">rusmarc</subfield>
  </datafield>
  <datafield tag="801" ind1=" " ind2="2">
    <subfield code="a">RU</subfield>
    <subfield code="b">NLR</subfield>
    <subfield code="c">20190630</subfield>
  </datafield>
  <datafield tag="852" ind1=" " ind2=" ">
    <subfield code="a">NLR</subfield>
    <subfield code="b">&#x41C;</subfield>
    <subfield code="j">3/11224(1)</subfield>
    <subfield code="p">&#x41C;&#x41E;&#x42D; 2007-1/2</subfield>
    <subfield code="t">1</subfield>
  </datafield>
  <datafield tag="852" ind1=" " ind2=" ">
    <subfield code="a">NLR</subfield>
    <subfield code="b">&#x41C;</subfield>
    <subfield code="j">3/11224(1)&#x430;</subfield>
    <subfield code="p">&#x41C;&#x41E;&#x42D; 2007-1/2&#x430;</subfield>
    <subfield code="t">2</subfield>
  </datafield>
  <datafield tag="942" ind1=" " ind2=" ">
    <subfield code="c">SCORE</subfield>
  </datafield>
  <datafield tag="980" ind1=" " ind2=" ">
    <subfield code="a">NB</subfield>
  </datafield>
  <datafield tag="980" ind1=" " ind2=" ">
    <subfield code="a">ONIZ</subfield>
  </datafield>
  <datafield tag="995" ind1=" " ind2=" ">
    <subfield code="5">2015-09-21</subfield>
    <subfield code="b">NLR01</subfield>
    <subfield code="c">NLR01</subfield>
    <subfield code="e">ONIZ</subfield>
    <subfield code="k">3/11224(1) 3/11224(1)</subfield>
    <subfield code="o">0</subfield>
    <subfield code="r">SCORE</subfield>
    <subfield code="s">3112241_3112241</subfield>
  </datafield>
  <datafield tag="995" ind1=" " ind2=" ">
    <subfield code="5">2015-09-21</subfield>
    <subfield code="b">NLR01</subfield>
    <subfield code="c">NLR01</subfield>
    <subfield code="e">ONIZ</subfield>
    <subfield code="k">3/11224(1)&#x430; 3/11224(1)&#x430;</subfield>
    <subfield code="o">0</subfield>
    <subfield code="r">SCORE</subfield>
    <subfield code="s">3112241_3112241</subfield>
  </datafield>
</record>
